[Event "Budapest zt 1.4"]
[Site "Budapest"]
[Date "2000.06.20"]
[Round "4"]
[White "Hracek, Zbynek"]
[Black "Markowski, Tomasz"]
[Result "1/2-1/2"]
[WhiteElo "2620"]
[BlackElo "2531"]
[Annotator "Rogozenco,D"]
[PlyCount "45"]
[EventDate "2000.06.17"]
[EventType "swiss"]
[EventRounds "9"]
[EventCountry "HUN"]
[SourceTitle "CBM 078"]
[Source "ChessBase"]
[SourceDate "2000.10.18"]
[SourceVersion "1"]
[SourceVersionDate "2000.10.18"]
[SourceQuality "1"]

1. e4 c5 2. Nf3 g6 3. d4 Bg7 4. Nc3 cxd4 5. Nxd4 Nc6 6. Be3 Nf6 7. Bc4 O-O 8.
Bb3 d6 9. f3 Bd7 10. Qd2 Rc8 11. O-O-O Nxd4 $5 {This interesting idea of
playing b5 quick can be an excellent possibility for those Dragon players who
want to avoid tons of theory after 11. ... Ne5.} 12. Bxd4 b5 {[%cal Ra7a5]} 13.
Nd5 (13. Bxa7 {This risky move was never played, although it certainly deservs
attention, all the more that other moves proved nothing real for White so far.}
) (13. e5 dxe5 14. Bxe5 Bc6 $11 15. Qe3 Qa5 16. Bd4 Rfe8 17. Bxf6 exf6 18. Qf4
f5 $17 {0-1 Bertholee,R-Tiviakov,S/Hengelo NED 2000 (29)}) (13. Qe3 b4 14. Ne2
Qa5 15. Bxa7 Rc6 16. Qg1 Be6 $44 {1/2-1/2 Ljubojevic,L-Georgiev,K/Belgrade
1997 (36)}) (13. h4 $5) 13... Nxd5 14. Bxd5 Bxd4 15. Qxd4 a5 $1 $146 {[%cal
Re7e6][%mdl 8] A considerable improvement comparing to the move 15. ... Qc7.
Practically it forces White to play 16.a3.} (15... Qc7 16. c3 a5 17. Kb1 Qc5
18. Rhe1 $14 {1/2-1/2 Short,N-Topalov,V/Novgorod 1996 (47)}) 16. a3 (16. c3 b4
$40) 16... Qc7 17. c3 (17. Rd2 $142 $11) 17... b4 $1 18. axb4 e5 19. Qe3 axb4
20. Kd2 Bc6 21. Bxc6 Qxc6 22. Ke2 bxc3 23. bxc3 1/2-1/2

[Event "EU-Cup 25th"]
[Site "Ohrid"]
[Date "2009.10.08"]
[Round "5.1"]
[White "Motylev, Alexander"]
[Black "Feller, Sebastien"]
[Result "1-0"]
[WhiteElo "2710"]
[BlackElo "2570"]
[Annotator "Rogozenco,D"]
[PlyCount "61"]
[EventDate "2009.10.04"]
[EventType "team-swiss"]
[EventRounds "7"]
[EventCountry "MKD"]
[SourceTitle "CBM 133"]
[Source "ChessBase"]
[SourceDate "2009.11.19"]
[SourceVersion "1"]
[SourceVersionDate "2009.11.19"]
[SourceQuality "1"]
[WhiteTeam "Tomsk 400"]
[BlackTeam "Evry Grand Roque"]
[WhiteTeamCountry "RUS"]
[BlackTeamCountry "FRA"]

1. e4 c5 2. Nf3 d6 3. d4 cxd4 4. Nxd4 Nf6 5. Nc3 g6 6. Be3 Bg7 7. f3 O-O 8. Qd2
Nc6 9. Bc4 Bd7 10. h4 {Such a move order is designed to reduce Black's options.
} ({After} 10. O-O-O {White must reckon with two deviations from the main line:
} Rc8 ({or the Chinese Dragon} 10... Rb8 11. Bb3 (11. h4 b5 $5) 11... Na5 12.
h4 {and here Black plays} b5 $13 {(not 12...h5)}) 11. Bb3 Nxd4 (11... Ne5 {
is the main line}) 12. Bxd4 b5 $14 {/=  With 10.h4 White avoids these
additional options from Black.}) 10... h5 (10... Rc8 11. Bb3 Ne5 (11... Nxd4
12. Bxd4 b5 13. h5 $40) 12. O-O-O {is the main line of the Dragon.}) (10... Rb8
11. Bb3 Na5 (11... b5 12. Ndxb5) 12. h5 $5 Nxh5 13. g4 Nf6 14. Bh6 $40) 11.
O-O-O Ne5 (11... Rb8 12. Bb3 (12. Bg5 $5) 12... Ne5 13. Bg5 $36) 12. Bb3 Rc8
13. Bg5 Rc5 14. Kb1 b5 ({The main alternative is} 14... Re8 {Here is an
example by Motylev:} 15. g4 ({Another theoretical direction is} 15. Bh6 Nc4 16.
Bxc4 Rxc4 17. Bxg7 Kxg7 18. Nd5 $11 {/+/=}) 15... hxg4 16. f4 Nc4 17. Qe2 Qc8 (
{Similarly to the theoretical position with the white king on c1 and the rook
on f8, Black can consider also} 17... b5 $5 18. f5 gxf5 $1 (18... a5 $2 19.
fxg6 $18 {1-0 Robertsen,T (2259)-Klimentov,R (2271)/Porto Carras GRE 2008 (32)}
) (18... Qa5 19. Bxf6 Bxf6 20. Qxg4 $40) 19. exf5 (19. Bxf6 $6 exf6 {[%cal
Ge8e2]}) 19... Re5 $13) (17... Na5 18. f5 (18. e5 Nxb3 19. Nxb3 Rxc3 $1 20.
bxc3 Bc6 $44) (18. h5 $6 Nxh5 $17) 18... Nxb3 19. axb3 $13) 18. f5 (18. Bxf6
exf6 $5 {looks good for Black}) (18. h5 Nxh5 19. f5 Nxb2 $1 20. Kxb2 Rxc3 21.
fxg6 Rxb3+ 22. cxb3 fxg6 $17) 18... Na3+ ({The critical position is} 18... Nxb2
{when White must exploit the fact that the rook is not on f8 by continuing} 19.
fxg6 (19. Kxb2 Rxc3 20. fxg6 Rxb3+ 21. cxb3 fxg6 22. Rc1 Qb8 $5 {is
double-edged}) 19... Nxd1 20. gxf7+ Kh7 21. Nxd1 Rf8 $13) ({Also deserving
attention is} 18... e5 $5) 19. bxa3 Rxc3 20. fxg6 Rxb3+ 21. axb3 fxg6 22. Qd3
$14 Nh5 23. Rhf1 Be5 24. Ne2 g3 25. Nf4 Bg4 $2 (25... Bxf4 $1 26. Bxf4 g2 (
26... Bg4 27. Bxg3 Bxd1 28. Rxd1 Nxg3 29. Qxg3 Qe6 30. h5 $14) 27. Rf2 Rf8 28.
Be3 Rxf2 29. Bxf2 Bh3 $1 $44 {[%cal Gc8g4]}) 26. Nxg6 $1 Bxd1 27. Qxd1 $18 g2 (
27... Nf6 28. Nxe5 dxe5 29. Bxf6 exf6 30. Rxf6 $18) 28. Rg1 Bg7 29. Qxh5 Qc3
30. e5 dxe5 31. Bh6 Bxh6 32. Rxg2 {1-0 Motylev,A (2666)-Carlsson,P (2514)/
Plovdiv 2008. As seen in comments to this game, Black has several
possibilities to improve, therefore at the present state of theory 14...Re8 is
a more reliable continuation than 14...b5.}) 15. g4 a5 16. gxh5 Nxh5 {It has
been known for some time that Black is walking on the edge here, but nobody
with White has yet shown a clear way for an advantage. Moreover, in practice
Black has scored well. The present game represents a serious blow to this
variation.} (16... a4 17. h6 Bh8 18. h7+ Nxh7 19. Bd5 {is another very
dangerous line for Black.}) 17. Nd5 Re8 18. Nf4 Nxf4 (18... a4 19. Nxh5 $16) (
18... Nc4 19. Bxc4 Rxc4 20. Nde2 $16) 19. Qxf4 Nc4 20. Qg3 (20. h5 {works out
well for Black:} f6 21. hxg6 (21. Bxf6 $142 $5 exf6 (21... Bxf6 $2 22. hxg6 $18
) 22. hxg6 (22. Qxd6 Qe7 23. Qxe7 Rxe7 24. hxg6 a4 25. Bxc4+ bxc4 26. Rh4 c3
27. bxc3 Re8 $13 {/= 1/2-1/2 Lanin,B-Miller,J/IECG Email 2000/ (35)}) 22... Qe7
$13 {[%cal Ge7e5]}) (21. Bh6 $2 g5 $19) 21... Rxg5 22. Qh4 Kf8 (22... a4 $1 {
is even more convincing}) 23. f4 Rg4 24. Qh5 Qa8 $1 $19 {0-1 Kulaots,K (2415)
-Rogozenco,D (2490)/Chemnitz 1997 (30)}) 20... a4 (20... Qb6 {is best met with}
21. h5 $1 a4 22. Bxc4 bxc4 23. hxg6 Rxg5 (23... fxg6 24. Bc1 $1 $16 {[%csl Rg6]
}) 24. Qxg5 Rb8 {0-1 Kiss,G (2190)-Farago,S (2250)/Budapest 1997 (33)} 25. b3
axb3 26. cxb3 cxb3 27. a4 $18) 21. Bxc4 bxc4 ({In the event of} 21... Rxc4 {
White can consider} 22. Qg1 $5 {[%cal Gh4h5]}) 22. h5 (22. c3 $2 a3 $17 {
1/2-1/2 Erdogdu,M (2440)-Cifka,S (2439)/Pardubice 2008 (41)}) 22... Qa5 23. Bd2
$1 $146 {[%mdl 8] A strong novelty, after which Black must play extremely
precisely only to end up in a worse endgame.} (23. Rhg1 Rb8 24. hxg6 f6 25. Bc1
c3 26. b3 axb3 27. cxb3 c2+ 28. Nxc2 Rxc2 29. Kxc2 Qxa2+ 30. Bb2 Rc8+ 31. Kd2
Qxb2+ 32. Ke3 Rc3+ 33. Rd3 Bh6+ 34. f4 Rxd3+ 35. Kxd3 Bb5+ 36. Ke3 Qe2+ 37. Kd4
Qd2+ {0-1 Dragicevic,D (2302)-Polzin,R (2520)/Pardubice 2008/CBM 125 Extra})
23... c3 $8 (23... Qb6 24. hxg6 $18) 24. Bxc3 Rxc3 $8 25. hxg6 f5 $2 {This
loses by force. Instead Black could choose between two worse endgames.} (25...
Rc5 {with the idea Rg5 is met by} 26. e5 $1 (26. Rh7 $2 Rg5 $19) ({Less
precise is} 26. gxf7+ Kxf7 27. e5 Rg8) 26... Rxc2 {Now Black needs to free the
5th rank in order to take with the queen on e5. This unexpected sac offers
some chances to survive.} ({Other moves are worse:} 26... f5 27. Rh7 Rxe5 28.
Qh4 Qd5 (28... Rb8 29. Rh8+ Bxh8 30. Qh7+ Kf8 31. Qf7#) 29. Rg1 $1 (29. Rxg7+
Kxg7 30. Qh7+ Kf6) 29... Rb8 (29... Re3 30. Rh8+ Bxh8 31. Qh7+ Kf8 32. g7+ $18)
30. Rh8+ Bxh8 31. Qh7+ Kf8 32. Qxh8+ Qg8 33. g7+ Kf7 34. Qh5+ Kf6 35. Qg6#) (
26... Rxe5 27. gxf7+ Kxf7 28. f4 Rf5 (28... Rh5 29. Rdg1 Rg8 30. Qg6+ $18) (
28... Rd5 29. Rdg1 Rg8 30. Qg6+ Kf8 31. Rh8 $1 $18) 29. Rh7 ({After} 29. Rdg1
Rg8 30. Qg6+ Kf8 31. Rh8 {Black plays} Rf7 $1 {and suddenly he has everything
protected, keeping the extra piece.}) 29... Rg8 30. Rg1 Rf6 31. Rxg7+ Rxg7 32.
Qxg7+ Ke8 33. Qg8+ (33. Rh1 Rf8 34. a3 $16) 33... Rf8 34. Qg6+ Kd8 35. Qe4 $16
{/+-}) 27. gxf7+ Kxf7 28. Qf4+ Kg8 29. Nxc2 Qxe5 30. Qxe5 Bxe5 $16) ({The best
is} 25... Qe5 26. Qxe5 dxe5 27. bxc3 exd4 28. gxf7+ Kxf7 29. cxd4 {and
although with rook and three pawns for two bishops White's chances are higher,
due to Black's possibilities for counterplay White's advantage is anything but
stable. A possible continuation is} a3 ({Weaker is} 29... Rb8+ 30. Kc1 a3 31.
c3 Be6 32. Rd2 Rc8 33. Rc2 Bd7 34. Kd2 $16) (29... Rc8 $5) 30. Rd3 Rc8 31. Rh5
$14 {[%cal Gh5c5]}) 26. Rh7 $1 $18 Rb8 {Allows a nice finish.} (26... Qe5 27.
Qh4 Qf6 (27... Re3 28. Rh8+ $18) 28. Qxf6 exf6 29. bxc3 fxe4 30. fxe4 Rxe4 {
would have put up some resistance, although Black is lost after for instance}
31. Rdh1 {[%cal Gh7g7]} Bg4 32. Kb2 $18) (26... fxe4 27. Qh2 {also mates:} Qd5
({or} 27... Qe5 28. Rh8+) 28. Rh1 $18) 27. Qh4 Rxb2+ (27... Qe5 28. Rh8+ Bxh8
29. Qh7+ Kf8 30. Qf7#) 28. Kxb2 Qb4+ 29. Ka1 Bxd4 30. Rh8+ $1 Kg7 31. Rg8+ 1-0

[Event "Corus"]
[Site "Wijk aan Zee"]
[Date "2001.01.14"]
[Round "2"]
[White "Anand, Viswanathan"]
[Black "Tiviakov, Sergei"]
[Result "1-0"]
[WhiteElo "2790"]
[BlackElo "2597"]
[Annotator "Rogozenco,D"]
[PlyCount "89"]
[EventDate "2001.01.13"]
[EventType "tourn"]
[EventRounds "13"]
[EventCountry "NED"]
[EventCategory "19"]
[SourceTitle "CBM 081"]
[Source "ChessBase"]
[SourceDate "2001.03.20"]
[SourceVersion "1"]
[SourceVersionDate "2001.03.20"]
[SourceQuality "1"]

1. e4 c5 2. Nf3 Nc6 3. d4 cxd4 4. Nxd4 g6 5. Nc3 Bg7 6. Be3 Nf6 7. Bc4 O-O 8.
Bb3 d6 9. f3 Bd7 10. Qd2 Rc8 11. O-O-O Nxd4 12. Bxd4 b5 13. Nd5 (13. e5 dxe5
14. Bxe5 Bc6 15. Qe3 Qa5 16. Bd4 Rfe8 17. Bxf6 exf6 18. Qf4 f5 19. Nd5 Re2 20.
g4 Bxd5 21. Rxd5 Rexc2+ 22. Bxc2 Qxa2 $19 {0-1 Bertholee,R-Tiviakov,S/NED 2000
(29)}) (13. h4 a5 $13) 13... Nxd5 14. Bxg7 (14. Bxd5 Bxd4 15. Qxd4 a5 $1 16. a3
Qc7 $11 {1/2-1/2 Hracek,Z-Markowski,T/Budapest 2000/ (23)}) 14... Kxg7 15. exd5
$1 a5 16. a3 Qb6 17. Rhe1 Rfe8 18. g4 b4 {Concerning the whole opening
variation, I gave my thoughts about it in my game against Macieja, commented
in CBM80.} (18... Rc7 19. Kb1 Bc8 20. Re3 Qa7 21. Rde1 Qb6 22. Re4 Qa7 23. h3
Qb6 24. Ka1 Qa7 25. h4 $16 {/+-. 1-0 Macieja,B-Rogozenko,D/Istanbul 2000/ (30)}
) 19. a4 Qc5 20. Kb1 e5 {I was unable to find a playable way for Black in this
line and came to the conclusion that Black's position is extremely unpleasant.
The problem is that white King is much safer. Tiviakov pushes his e-pawn and
gets a reasonable position at the first sight. He trades several pieces but
fails to defend the King anyway.} 21. dxe6 Bxe6 22. h4 $1 Bxb3 23. cxb3 Rxe1
24. Rxe1 h5 25. Ka2 $16 hxg4 {It is not easy to indicate Black's mistake. I
remember I was so displeased with the position that could not find anything
playable. Here too, it is clear that 25. ... hxg4 only helps White to open the
position, but it is just difficult to find moves: white King is so safe on a2
that there is no way to disturb it.} 26. fxg4 Rh8 27. Qf4 $1 Rxh4 28. Rf1 {
So the disaster came along the f-file...} Qe5 29. Qxf7+ Kh6 30. Rf6 Rxg4 31.
Re6 {In my opinion it is impossible to defend such a position.} Qg7 32. Qf3 {
Covering g2 square as well.} Qd4 (32... Rd4 33. Qe3+ Kh5 34. Re7 Qf6 {and no
direct win, but practically White is absolutely winning.} 35. Ra7 $16 (35. Rh7+
Kg4 36. Qh3+ Kg5 37. Qg3+ Rg4 38. Qe3+ Rf4)) 33. Qf8+ Kh5 34. Rxd6 Qe5 35. Qd8
Rg5 36. Rd7 Kg4 37. Rd1 Qe3 {Loses immediately, but there is no defence anyway.
For instance:} (37... Qc5 38. Qe8 Qf2 39. Qe4+ Kg3 40. Rh1 $18) 38. Rd4+ Qxd4
39. Qxd4+ Kh5 40. Qh8+ Kg4 41. Qg7 Kh5 42. Qh7+ Kg4 43. Kb1 Kf5 44. Qf7+ Ke4
45. Qf6 1-0

[Event "Olympiad-34"]
[Site "Istanbul"]
[Date "2000.11.12"]
[Round "14.2"]
[White "Macieja, Bartlomiej"]
[Black "Rogozenco, Dorian"]
[Result "1-0"]
[WhiteElo "2536"]
[BlackElo "2531"]
[Annotator "Rogozenco,D"]
[PlyCount "59"]
[EventDate "2000.10.28"]
[EventType "team-swiss"]
[EventRounds "14"]
[EventCountry "TUR"]
[SourceTitle "EXT 2001"]
[Source "ChessBase"]
[SourceDate "2000.11.22"]
[SourceVersion "1"]
[SourceVersionDate "2000.11.22"]
[SourceQuality "1"]
[WhiteTeam "Poland"]
[BlackTeam "Romania"]
[WhiteTeamCountry "POL"]
[BlackTeamCountry "ROU"]

{[%mdl 4]} 1. e4 c5 2. Nf3 Nc6 3. Nc3 {With such move order White usually
tries to avoid Sveshnikov Sicilian.} g6 (3... e5) (3... e6) (3... Nf6) 4. d4
cxd4 5. Nxd4 Bg7 6. Be3 Nf6 7. Bc4 O-O 8. Bb3 d6 9. f3 Bd7 10. Qd2 Rc8 11.
O-O-O Nxd4 12. Bxd4 b5 13. Nd5 Nxd5 14. Bxg7 (14. Bxd5 Bxd4 15. Qxd4 a5 16. a3
Qc7 17. c3 b4 18. axb4 e5 19. Qe3 axb4 20. Kd2 Bc6 21. Bxc6 Qxc6 22. Ke2 bxc3
23. bxc3 {1/2-1/2 Hracek,Z-Markowski,T/Budapest 2000}) 14... Kxg7 15. exd5 $1
$14 {[%mdl 8] Very important novelty for this variation. The Bishop on b3 is
apparently passive, but it defends the King and White has active play on the
e-file and in the future he can attack with h4-h5.} (15. Bxd5 a5 16. h4 h6 17.
Qd4+ f6 18. a3 Qc7 19. Rd2 Qc5 20. Kb1 b4 21. axb4 axb4 22. Qxc5 Rxc5 23. Rd4
Rb8 24. Rc4 Rxc4 25. Bxc4 f5 26. b3 fxe4 27. fxe4 Rf8 28. Re1 Rf4 29. h5 gxh5
30. e5 Bf5 31. exd6 exd6 32. Rf1 Rxf1+ 33. Bxf1 d5 34. Kc1 h4 35. Kd2 d4 36.
Be2 Be4 37. Bf1 Kf6 38. Kd1 Ke5 39. Kd2 Kf4 40. Kd1 {0-1 Armanda,I-Muse,M/
Split 2000 (40)}) 15... a5 16. a3 Qb6 {I was mostly concerned about my King,
so I wanted to defend first against the direct attack h4-h5. However, the game
shows that White is clearly better. I wasn't able to find a plan for Black
neither during the game, nor after it. But I have a feeling that Black's
position cannot be that bad. The future practice will give an answer about the
evaluation.} 17. Rhe1 $1 {attacking e7 and defending against Black's idea to
play a4 and Rxc2.} (17. Qd4+ Qxd4 18. Rxd4 $11) (17. h4 $2 a4 18. Ba2 Rxc2+ $1
{This was the idea of the move 16. ... Qb6.} 19. Qxc2 (19. Kxc2 Bf5+ $19) 19...
Rc8 20. Qxc8 Bxc8 $17) (17. g4 {I considered only this move.} Rc7 (17... e5 $5
18. dxe6 Bxe6 19. Bxe6 fxe6 {[%cal Rf8f3]}) 18. Rhe1 Rfc8 (18... Bc8 $5) 19.
Rxe7 a4 20. Ba2 Rxc2+ 21. Qxc2 Rxc2+ 22. Kxc2 Qf2+ 23. Rd2 Qxf3 24. Rxd7 Qe4+
25. Kc1 Qe1+ 26. Rd1 Qe3+ 27. Kb1 Qe4+ $11) 17... Rfe8 (17... a4 $6 18. Ba2
Rxc2+ $2 (18... Bf5 19. c3 $16) 19. Kxc2 Bf5+ 20. Re4 $1 $18) (17... Bf5 18. g4
a4 19. gxf5 axb3 20. c3 $16) 18. g4 $16 {The next part of the game is a clear
example of White's superiority. Black was unable to find counterplay and White
firmly was doing his plan.} Rc7 19. Kb1 {White's plan is to attack with h4-h5
and there is little I could do about it. My Queen is far away from my King and
if he opens the position on the kingside, I will get mated very soon. I guess
Black should try something either with e6, f5 or b4, but in all cases White
must be much better.} Bc8 20. Re3 Qa7 21. Rde1 Qb6 22. Re4 Qa7 (22... f5 23.
Rf4 g5 24. Rd4 $16) 23. h3 Qb6 24. Ka1 {Just in case my opponent waited
another move.} Qa7 25. h4 $18 h6 26. h5 g5 (26... f5 27. R4e2 (27. Re6 Bxe6 28.
Rxe6 g5 {is not entirely clear.}) 27... fxg4 28. hxg6 gxf3 (28... a4 29. Ba2
Bf5 30. Qf4 $18) 29. Rh2 $18) 27. f4 {Black is hopeless.} a4 28. Ba2 Bxg4 (
28... gxf4 29. Rxf4 {doesn't change anything: White is winning.}) 29. fxg5 Bxh5
30. Qh2 $1 (30. gxh6+ Kh7 {could have prolonged the game for several moves.})
1-0

[Event "Bundesliga 0405"]
[Site "Germany"]
[Date "2005.02.12"]
[Round "10.3"]
[White "Ginsburg, Gennadij"]
[Black "Polzin, Rainer"]
[Result "1-0"]
[WhiteElo "2481"]
[BlackElo "2517"]
[Annotator "Rogozenco,D"]
[PlyCount "85"]
[EventDate "2004.11.12"]
[EventType "team-tourn"]
[EventRounds "15"]
[EventCountry "GER"]
[SourceTitle "CBM 106"]
[Source "ChessBase"]
[SourceDate "2005.06.06"]
[SourceVersion "1"]
[SourceVersionDate "2005.06.06"]
[SourceQuality "1"]
[WhiteTeam "Hofheim"]
[BlackTeam "Neukoelln"]
[WhiteTeamCountry "GER"]
[BlackTeamCountry "GER"]

1. e4 c5 2. Nf3 d6 3. d4 cxd4 4. Nxd4 Nf6 5. Nc3 g6 6. Be3 Bg7 7. f3 O-O 8. Qd2
Nc6 9. Bc4 Bd7 10. O-O-O Rc8 11. Bb3 Nxd4 12. Bxd4 b5 13. e5 {Lately White
started to play this move almost as often as the main 13.Nd5. The point is
that it leads by force to a more pleasant, though drawish endgame.} dxe5 14.
Bxe5 Bc6 15. Qxd8 {Alternatives bring White nothing:} (15. Qe3 Qa5) (15. Qe1
Qb6 (15... Qa5 $4 16. Nd5 $18) 16. Bd4 Qb7 17. Ne2 Rfe8 $15 {1/2-1/2 Toma,
K-Cajbel,M/Polanica Zdroj 2001 (37)}) (15. Qg5 Qb6 16. h4 a5 17. a3 b4 18. axb4
axb4 19. Nb1 h6 20. Qf4 Qa5 $17 {0-1 Jaureguiberry,C-Gaponenko,I/Creon 2003 
(33)}) 15... Rfxd8 16. a4 (16. Rxd8+ Rxd8 17. Rd1 Bh6+ (17... Rxd1+ 18. Kxd1
$14 {/=}) (17... Rc8 18. a4 a6 19. axb5 axb5 20. Ne2 Nh5 21. Bxg7 Kxg7 22. Bd5
$14 {+/=/=, 1/2-1/2 Berg,E-Golubev,M/playchess.com INT 2004 (34)}) 18. Kb1
Rxd1+ 19. Nxd1 Nd5 (19... Nd7 20. Bd4 a6 (20... a5 21. Nc3 e6 22. a4 b4 23. Nb5
Kf8 24. c3 $14 {1-0 Pena Gomez,M-Llaneza Vega,M/Gran Canaria 2002 (66)}) 21. c4
Bf4 22. cxb5 Bxb5 23. g3 Be5 {1/2-1/2 Hynes,A-Pert,R/West Bromwich 2003 (23)})
(19... Nh5 20. Nc3 Bf4 21. Bd4 Bxh2 {1/2-1/2 Castellanos,R-Gashimov,V/Mallorca
2004}) 20. c4 bxc4 (20... Nf4 21. cxb5 Bxb5 $11 {1/2-1/2 Bartos,A-Kulhanek,T/
Prague 2001 (24)}) 21. Bxc4 Bg7 22. Bxg7 Kxg7 23. Kc2 Kf6 $11 {1/2-1/2
Braslavskij,A-Golubev,M/Odessa 2004 (41)}) (16. Kb1 b4 (16... Nh5 17. Bxg7 Kxg7
{1/2-1/2 Brkic,A-Mamedov,R/Peniscola 2002}) 17. Bxf6 $6 Bxf6 18. Nd5 Bxd5 19.
Bxd5 Rd6 20. Rd3 e6 21. Bc4 Be5 22. Rxd6 Bxd6 23. Bd3 Rc5 $15 {0-1
Mastrovasilis,D-Macieja,B/Chalkidiki 2002 (63)}) (16. a3 Nd7 $6 17. Bxg7 Kxg7
18. Bd5 $1 $16 {1-0 Pogonina,N-Verot,M/Budva 2003 (44)}) 16... a6 (16... b4 $6
17. Nb5 $14) 17. axb5 axb5 18. Kb1 $5 (18. Rxd8+ Rxd8 19. Rd1 Bh6+ 20. Kb1
Rxd1+ 21. Nxd1 {+/=/= 1-0 Motylev,A-Ahn,M/Izmir 2004 (57)}) 18... Nh5 (18...
Nd7 19. Bxg7 Kxg7 20. Bd5 $1 $14 {1-0 Werksma,A-De Reymaeker,W/Belgium 2004 
(47)}) 19. Bxg7 Kxg7 20. Bd5 b4 21. Bxc6 bxc3 22. Rxd8 Rxd8 23. b4 $5 (23. bxc3
Rc8 $11 (23... Nf4 $5 24. Re1 Rc8 25. Ba4 Kf6 $1 $11)) 23... Nf4 (23... Rd4 $2
24. b5 Rb4+ 25. Ka2 $1 Kf6 26. Rb1 Rxb1 27. Kxb1 Ke5 28. Ka2 Kd6 29. Kb3 $18)
24. Re1 (24. b5 Ne6 $11 {[%cal Ge6d4]}) 24... Ne6 25. Rxe6 $1 {A good attempt,
which nevertheless is not enough for a win.} (25. b5 Nd4 26. Rxe7 Rb8 27. Rc7
Nxb5 28. Bxb5 Rxb5+ 29. Kc1 Re5 30. Rxc3 Re2 $11) 25... fxe6 26. Ka2 Kf6 27.
Kb3 e5 $1 (27... Rd2 28. Kxc3 Rxg2 29. b5 Rg5 (29... Ke5 $2 30. f4+ $18) (29...
Rxh2 30. b6 Rh1 31. b7 Rb1 32. Kc4 $18 {[%cal Gc6b5]}) 30. Kb4 $18) 28. Kxc3
Ke6 29. Be4 $1 (29. Kc4 Rd2 $1) 29... Rd1 (29... Kd6 30. Kc4 Kc7 31. Kc5 Rd2 {
is the same as the game after move 32.}) 30. Kc4 Kd6 31. Kb5 Kc7 $1 32. Kc5 Rd2
33. b5 Rxg2 34. b6+ Kb8 35. h3 Rh2 36. c4 Rxh3 37. Kc6 Rh2 38. Kd7 Rd2+ (38...
Rb2 39. c5 Rb4 (39... h5 40. c6 $18) 40. Kxe7 (40. c6 Rd4+ 41. Kxe7 Kc8 $1 {
[%cal Gd4b4]} 42. Ke6 Rb4 43. b7+ Kc7 44. Kxe5 $11) 40... h5 41. Bxg6 h4 42.
Bf5 Kb7 43. Kd6 Rd4+ 44. Kxe5 Rc4 45. Kd5 Rf4 46. Bg4 Rb4 $11) 39. Kxe7 Rd1 $2
{Black needs to be able to attack the b-pawn, therefore going to the first
rank is wrong.} (39... h5 40. c5 Rb2 $11) 40. c5 Rc1 $2 (40... Rd2 $1 41. Ke6 (
41. c6 Kc8 $1 {The only move, but enough. The next is ...Rb2, forcing b7, when
the pawns will be safely blockaded by the king and White will have to fight
for a draw.} (41... Rb2 $2 42. Kd6 $1 Rd2+ (42... Rxb6 43. Kd7 $1 $18) 43. Bd5
$18)) 41... Rb2 (41... h5 42. Bxg6 h4 43. c6 Rb2 44. Kd7 Rd2+ 45. Ke7 Rb2 46.
c7+ $18) 42. Kxe5 (42. Kd6 h5 43. c6 Rxb6 44. Kd7 Rxc6 45. Kxc6 g5 $11) 42...
h5 43. Kd6 Rd2+ $1 (43... h4 44. c6 Rxb6 45. Kd7 $18) 44. Bd5 (44. Ke5 $2 h4)
44... h4 45. c6 Rxd5+ (45... h3 46. c7+ Kc8 47. b7#) 46. Kxd5 h3 47. Kd6 h2 48.
c7+ Kb7 49. Kd7 h1=Q 50. c8=Q+ Kxb6 $11) 41. c6 $18 Rc4 42. Kd6 Rd4+ 43. Bd5
1-0